Loading...
| Auditory Arts | 3 | 13.33 | 67% | 67% | 0% |
| Beliefs | 4 | 5.00 | 50% | 0% | 0% |
| Current Events | 1 | 20.00 | 100% | 100% | 0% |
| Fine Arts - Other Arts | 1 | 10.00 | 100% | 0% | 0% |
| Geography | 1 | 10.00 | 100% | 0% | 0% |
| History - American History | 1 | 20.00 | 100% | 0% | 100% |
| History - Ancient History | 1 | 10.00 | 100% | 0% | 0% |
| History - European History | 1 | 0.00 | 0% | 0% | 0% |
| History - World History | 3 | 10.00 | 100% | 0% | 0% |
| Literature - American Literature | 2 | 15.00 | 100% | 50% | 0% |
| Literature - British Literature | 1 | 10.00 | 100% | 0% | 0% |
| Literature - European Literature | 1 | 0.00 | 0% | 0% | 0% |
| Literature - World Literature | 2 | 5.00 | 50% | 0% | 0% |
| Philosophy | 4 | 5.00 | 50% | 0% | 0% |
| Science - Biology | 2 | 10.00 | 100% | 0% | 0% |
| Science - Chemistry | 2 | 10.00 | 50% | 50% | 0% |
| Science - Other Science | 3 | 13.33 | 100% | 33% | 0% |
| Science - Physics | 3 | 6.67 | 67% | 0% | 0% |
| Social Science | 3 | 10.00 | 100% | 0% | 0% |
| Visual Arts | 1 | 10.00 | 100% | 0% | 0% |